Flats and houses : design and economy (Record no. 425173)

000 -LEADER
fixed length control field 00409cam a22001097a 4500
008 - FIXED-LENGTH DATA ELEMENTS--GENERAL INFORMATION
fixed length control field 180718b1958 xxu||||| |||| 00| 0 eng d
082 ## - DEWEY DECIMAL CLASSIFICATION NUMBER
Classification number X2x42 Un3f
245 ## - TITLE STATEMENT
Title Flats and houses : design and economy
Statement of responsibility, etc. by Ministry of Housing and Local Government, United Kingdom
260 ## - PUBLICATION, DISTRIBUTION, ETC.
Place of publication, distribution, etc. London
Name of publisher, distributor, etc. Her Majesty's Stationery Office
Date of publication, distribution, etc. 1958
300 ## - PHYSICAL DESCRIPTION
Extent 154+p.
700 ## - ADDED ENTRY--PERSONAL NAME
Personal name United Kingdom.Ministry of Housing and Local Government,
Holdings
Withdrawn status Lost status Damaged status Not for loan Permanent Location Current Location Date acquired Full call number Barcode Date last seen Price effective from Koha item type
        Indian Institute of Public Administration Indian Institute of Public Administration 2009-10-06 X2x42 Un3f 17456 2018-07-21 2018-07-21 Book

Powered by Koha